00385nam a2200145Ia 4500003000400000008004100004040001600045082001300061100002400074245005200098260004200150300001000192650001500202650002200217GCL140319s9999 xx 000 0 eng d aGCL / cGCL04a843bM A1 aMARQUEZ, GABRIEL G.10aL'AUTOMNE DU PATRIARCHE / cMARQUEZ, GABRIEL G. a[S.N] : bLE LIVRE DE POCHE ، c1981 a316 P04aLITERATURE04aFRENCH LITERATURE